| 000 | 01671nam0a2200361 i 4500 | ||
|---|---|---|---|
| 001 | RU\NLR\BIBL_A\010409038 | ||
| 005 | 20260405204832.0 | ||
| 010 | _a9785957327189 | ||
| 021 |
_aRU _b2014-31004 _91899 |
||
| 035 | _a(NILC)RuMoRGB-006808104 | ||
| 035 | _a(NLR Aleph) 010409038 | ||
| 090 |
_a9745210 _c9745210 |
||
| 100 | _a20140626d2014 km y0rusy50 ca | ||
| 101 | 1 |
_arus _cger |
|
| 102 | _aRU | ||
| 105 | _aa|||z|||000yy | ||
| 200 | 1 |
_aМагия финансов. Как привлечь деньги и больше никогда не страдать от их недостатка _fВ. Д. Фратер _g[пер. с нем. Д.А. Дученко] |
|
| 210 |
_aСанкт-Петербург _cВесь _d2014 |
||
| 215 |
_a181 с. _cил. _d21 |
||
| 300 | _aРанее кн. выходила под назв. "Магия денег. Привлечь, приумножить и защитить богатство" | ||
| 333 | _a16+ | ||
| 451 | 0 |
_12001#$aМагия денег. Привлечь, приумножить и защитить богатство _tМагия денег. Привлечь, приумножить и защитить богатство |
|
| 517 | 1 | _aКак привлечь деньги и больше никогда не страдать от их недостатка | |
| 606 | 1 |
_aМагия _91615580 _3RU\NLR\AUTH\66712354 |
|
| 610 | 0 | _aденьги | |
| 686 | 1 | _aЭ240.03 | |
| 700 | 1 |
_8rus _7ca _aФратер _bВ. Д. _3RU\NLR\AUTH\7792127 _975054 |
|
| 801 | 0 |
_aRU _bРГБ _c20140423 _gRCR |
|
| 801 | 1 |
_aRU _bРГБ _c20140423 _2rusmarc |
|
| 942 | _cBOOK | ||
| 980 | _aNBR | ||